Statystyki dla Największe miasta w Polsce A-Z

Kliknij tutaj aby rozwiązać quiz!

Ogólne statystyki

  • Ten quiz został rozwiązany 33 317 razy
    (32 010 od ostatniego zresetowania)
  • Średni wynik to 12 z 26

Statystyki odpowiedzi

#Pop.Miasto% Poprawnych
W1 753 977Warszawa
97%
K765 320Kraków
92%
G463 754Gdansk
87%
Ł696 503Łódź
85%
P540 372Poznań
82%
L339 682Lublin
73%
B353 938Bydgoszcz
73%
S404 878Szczecin
72%
T202 521Toruń
64%
C226 225Częstochowa
57%
E121 191Elbląg
54%
R215 020Radom
54%
O172 993Olsztyn
51%
Z175 459Zabrze
40%
A30 802Augustów
36%
I75 681Inowrocław
30%
D121 802Dąbrowa Górnicza
24%
F2 415Frombork
20%
U15 973Ustka
18%
Ż61 942Żory
18%
N84 468Nowy Sącz
13%
Ć3 014Ćmielów
13%
J96 600Jaworzno
11%
Ś57 761Świdnica
11%
H21 442Hajnówka
10%
M74 912Mysłowice
7%

Rozkład punktacji

Percentyl według liczby udzielonych odpowiedzi

Procent ludzi z każdym wynikiem

Twoja historia wyników

Nie rozwiązałeś tego quizu od ostatniego zresetowania